Agresivita ducha a pästí Frivolná komédia o násilí na ľudskej sexualite

Bibliographic Details
Main Author: Mačugová, Gizela, 1914-1997 (Author)
Format: Article
Language:Slovak
Subjects:

MARC

LEADER 00000nab a2200000 a 4500
001 vtls000374127
003 SK-MaSNL
005 20260304222741.0
008 040806c1990 xo 0 slo
015 |a SNBRB19rr/mm-uuuuu 
035 |a CL0374249 
040 |a SNKBUCL  |b slo  |c SNKBUCL  |e AACR2 
041 0 |a slo 
044 |a xo  |c SK 
080 |a 792.2  |2 1981 
100 1 |a Mačugová, Gizela,  |d 1914-1997  |4 aut  |9 48700 
245 1 0 |a Agresivita ducha a pästí  |b Frivolná komédia o násilí na ľudskej sexualite  |c Gizela Mačugová 
500 |a Réžia Vladimír Strnisko. Na motívy románu Pierra Ambroisa Choderlosa de Laclosa 
600 1 7 |a Hampton, Christopher,  |d 1946-  |t Nebezpečné vzťahy  |2 snkbucl  |9 1226022 
610 2 7 |a Slovenské národné divadlo.  |b Činohra  |2 snkbucl  |9 32459 
610 2 7 |a Slovenské národné divadlo.  |b Malá scéna  |2 snkbucl  |9 171800 
650 0 7 |a činohry  |2 snkbucl  |9 3325 
650 0 7 |a divadelné inscenácie  |2 snkbucl  |9 3326 
655 7 |a recenzie  |2 snkbucl  |9 21907 
655 7 |a články z novín a časopisov  |2 snkbucl  |9 267496 
773 0 |t Ľud  |g Roč. 43, č. 35 (10. 2. 1990), s. 4 
850 |a Slovenská národná knižnica v Martine  |a MTA001 
852 |a SNK  |b KIS3GCP 
999 |c 3164875  |d 3166805